Programming language concepts (Record no. 141848)

MARC details
000 -LEADER
fixed length control field 00374nam a2200157Ia 4500
008 - FIXED-LENGTH DATA ELEMENTS--GENERAL INFORMATION
fixed length control field 230917s9999||||xx |||||||||||||| ||und||
040 ## - CATALOGING SOURCE
-- 123368
Original cataloging agency VIVEKANANDA LIBRARY
041 ## - Language
-- English
082 ## - DDC NUMBER
Classification number 005.133 G343P
100 ## - MAIN ENTRY--PERSONAL NAME
Personal name Ghezzi, Carlo
245 #0 - TITLE STATEMENT
Title Programming language concepts
250 ## - EDITION STATEMENT
Edition statement 3rd ed.
260 ## - PUBLICATION, DISTRIBUTION, ETC. (IMPRINT)
Place of publication, distribution, etc New Delhi
Name of publisher, distributor, etc Wiley
Date of publication, distribution, etc 2003
300 ## - PHYSICAL DESCRIPTION
Pages 427 p.
942 ## - ADDED ENTRY ELEMENTS (KOHA)
Koha item type Books
Holdings
Withdrawn status Lost status Damaged status Not for loan Location (home branch) Sublocation or collection (holding branch) Date acquired Koha issues (times borrowed) Koha full call number Accession No. Koha date last seen Koha item type Shelving location
        VIVEKANANDA LIBRARY VIVEKANANDA LIBRARY 27/05/2009   005.133 G343P 249617 17/09/2023 Books  
        VIVEKANANDA LIBRARY VIVEKANANDA LIBRARY 27/05/2009   005.133 G343P 249618 17/09/2023 Books UIET Library
        VIVEKANANDA LIBRARY VIVEKANANDA LIBRARY 27/05/2009   005.133 G343P 249619 17/09/2023 Books UIET Library
        VIVEKANANDA LIBRARY VIVEKANANDA LIBRARY 27/05/2009   005.133 G343P 249620 17/09/2023 Books UIET Library
        VIVEKANANDA LIBRARY VIVEKANANDA LIBRARY 27/05/2009   005.133 G343P 249621 17/09/2023 Books UIET Library
© Designed and Maintained by Vivekananda Library, MDU Rohtak